| 000 | 00911nam a2200229Ia 4500 | ||
|---|---|---|---|
| 999 |
_c40307 _d40307 |
||
| 001 | 6915 | ||
| 003 | GE_BSU | ||
| 005 | 20200219104729.0 | ||
| 008 | 181216s2012||||ge |||||||||||||| ||geo|| | ||
| 010 | _a9789941440069 | ||
| 040 | _cGE_BSU | ||
| 041 | _ageo | ||
| 080 | _a821.133.1-31 გ-76 | ||
| 100 |
_aგრაკი, ჟულიენ _95316 |
||
| 245 |
_aსირტის ნაპირები = Le rivage des syrtes : _bრომანი / _cჟულიენ გრაკი ; ფრან. თარგმნ. დალი იაშვილმა. |
||
| 264 |
_aთბილისი : _bინტელექსი, _c2012. |
||
| 300 |
_a327 გვ. ; _c21 სმ. |
||
| 653 | _aსირტის ნაპირები | ||
| 653 | _aრომანი | ||
| 700 |
_aიაშვილი, დალი _eფრანულიდან თარგმნა _97143 |
||
| 942 |
_cBK _2udc |
||